FYKSEN quiz - Statistics

General Stats
  • This quiz has been taken 10 times
  • The average score is 13 of 15
Answer Stats
Hint Answer % Correct
Fyksen prime 17 mai
100%
søster beatrice
100%
Fyksens programmfag bredde/r2/tekforsk
100%
første revyfest (incdent) brillemonster
100%
bosted Disen
100%
build lanky
100%
ungdomskole morellbakken
100%
fortnite username sebkul007
100%
Fyksen far Trond
100%
Fyksen Split diett brownies
75%
hva er Fyksen kokt
75%
idrett prime langrenn
75%
unnskyld! sofie
75%
sivert + pølse grillsjefene
50%
favorittmat på coop mega sjokoladeboller
50%
No matching quizzes found
Score Distribution
Percent of People with Each Score
Percentile by Number Answered
Your Score History
You have not taken this quiz